| 000 | 00733nam a22002057a 4500 | ||
|---|---|---|---|
| 999 |
_c17899 _d17899 |
||
| 003 | OSt | ||
| 005 | 20230127130638.0 | ||
| 008 | 230127b ||||| |||| 00| 0 eng d | ||
| 040 | _c0 | ||
| 082 | _aDPer 910.46 T156 2019 v76PA-76PB | ||
| 100 |
_aPark, Sangwon. _eauthor. _947618 |
||
| 245 |
_aTravel distance and hotel service satisfaction : _ban interverted U-shaped relationship / _cSangwon Park, Yang Yang, Mingshu Wang. |
||
| 260 |
_aAmsterdam : _bElsevier, _c©January 2019. |
||
| 300 | _av 76PA, pages 261-270 : illustrations. | ||
| 650 |
_aHospitality industry. _947619 |
||
| 700 |
_aPark, Sangwon. _eauthor. _947618 |
||
| 700 |
_aYang, Yang. _eauthor. _947620 |
||
| 700 |
_aWang, Mingshu. _eauthor. _947621 |
||
| 942 |
_2ddc _cPER |
||